Statistiken für YouTube Kacke Zitate 2

Klicken Sie hier um das Quiz zu spielen!

Allgemein

  • Dieses Quiz wurde 7 mal gespielt
    (6 seit der letzten Aktualisierung)
  • Das Durchschnittsergebnis liegt bei 10 aus 16

Antwortstatistiken

HintAntwort% Korrekt
Aber die rote Armee über Druck auf meinen Pensi mit einer Penispumpe aus, und die bekommt allmählich die Überhaaa-haahhh...MadenYTK (Eine Doku über Dinos oder so)
100%
Halt mal die Schnauze, dieses Meme ist alt.SchockTV (Poesie mit Rammstein)
100%
Achtung! Schau diesen Schwarzen an, du scheiß Kind!Dulcamarus (Tetsurō Matsuzawa)
80%
Und zwar werd ich die DSL-Party in eine Schneenschschlacht unfunktionieren.Galileel (Adventskalender #14)
80%
Naja Tom...das ist zumindest kein klares nein...Pikminze (Tom streitet sich mit dem Müller!)
80%
Der Penisplatz mit der mit Vorhäuten beschmückten Kathedrale St. Riesenpenis.Edelrind (Die Renaisoos mit Fickelangelo)
60%
Spinnweben ficken Brösel und Fussel in die Ritzen.JeezyFrankie (Dummer Scheißdreck)
60%
Die Jungs im Café machen Kaffee, die Jungs in der Pommesbude machen Pommes. Lecker schmecker!MinerMorsel (100.000-Abospecial)
60%
Anschließend gibt es von mir natürlich dann auch wieder ne Tüte Asbest und Sie bekommen dann locker Krebs. Hoffentlich im Herzen!Peterskotstube (Astrobeschiss 2)
60%
Besonders beliebt ist Deutschland und auch der Spast genießt eine Tonne Fotze.Soosenbinder (Der Vorkotzer)
60%
Jetzt weiß ich's! Ich hol mir einen runter! Deine Mutter allein zu Hause...das gefällt mir...Die Kotkuchl (Von okkulten Ziegenmenschen und einem perversen Wolf)
40%
Nun muss die Försterin sich eilen, den Spasti sauber zu zerteilen.MemeFlow (Adventskalender 2019 #4)
40%
I wie Internierungslager, dieses Lied, das hilft mir nicht.Monorob (Kommt nicht wieder vor)
40%
Keine Ahnung warum, doch ich piss dir ins Gesicht.PedoPeterPoops (Bernd teilt aus)
40%
Hier steh ich nun, ich Arsch mit Ohr, und hol' mir einen runter, da ich kein Geld für den Puff habeSchnitzelkasper (Faust - Der Komödie nullter Teil)
40%
Und dann bin ich für genau neun Sekunden bewusstlos und bin meinen Frust los.Brigbain (Jeremy hat einen Unfall)
20%

Verteilung der Resultate

Perzentil nach korrekt beantworteten Fragen

Anzahl Personen mit jedem Resultat

Ihre Resultats-Entwicklung

Sie haben dieses Quiz seit der letzten Aktualisierung nicht gespielt